Corporate carbon accounting and reporting (Record no. 107059)

MARC details
000 -LEADER
fixed length control field 01008cam a22002055a 4500
001 - CONTROL NUMBER
control field L138207
008 - FIXED-LENGTH DATA ELEMENTS--GENERAL INFORMATION
fixed length control field 070522s2007 xxk f 000 0 eng d
035 ## - SYSTEM CONTROL NUMBER
System control number (Sirsi) u138207
041 0# - LANGUAGE CODE
Language code of text/sound track or separate title eng
050 04 - LIBRARY OF CONGRESS CALL NUMBER
Classification number 333.72 $2 18
110 2# - MAIN ENTRY--CORPORATE NAME
Corporate name or jurisdiction name as entry element Aldersgate Group
9 (RLIN) 5205
245 00 - TITLE STATEMENT
Title Corporate carbon accounting and reporting
Medium [electronic resource]
260 ## - PUBLICATION, DISTRIBUTION, ETC.
Place of publication, distribution, etc. London
Name of publisher, distributor, etc. Aldersgate Group
Date of publication, distribution, etc. 2007
520 ## - SUMMARY, ETC.
Summary, etc. Reports that the lack of a standardised carbon accounting system is impeding the UK Government?s long term goals of reducing emissions and creating a low carbon economy. Reports that very few FTSE 350 companies have credible carbon reporting mechanisms in place, and those companies that do could not be compared because they calculated emissions differently.
590 ## - LOCAL NOTE (RLIN)
Local note KA
651 #4 - SUBJECT ADDED ENTRY--GEOGRAPHIC NAME
Geographic name United Kingdom
Chronological subdivision
690 ## - LOCAL SUBJECT ADDED ENTRY--TOPICAL TERM (OCLC, RLIN)
Topical term or geographic name as entry element ENVIRONMENTAL AND LAND CONSULTANCY-ENERGY-ENERGY USE
856 40 - ELECTRONIC LOCATION AND ACCESS
Uniform Resource Identifier <a href="https://www.aldersgategroup.org.uk/">https://www.aldersgategroup.org.uk/</a>
Public note View the item free of charge at www.aldersgategroup.org.uk...
942 ## - ADDED ENTRY ELEMENTS (KOHA)
Suppress in OPAC 0
Holdings
Withdrawn status Lost status Source of classification or shelving scheme Damaged status Not for loan Home library Current library Shelving location Date acquired Total Checkouts Full call number Barcode Date last seen Copy number Price effective from Koha item type
    Dewey Decimal Classification     Virtual Virtual Online 22/05/2007   ONLINE PUBLICATION 138207-2001 06/08/2019 1 06/08/2019 Book